000 005780000a22001690004500
003 MACL
005 20160205124421.0
008 160205b xxu||||| |||| 00| 0 eng d
040 _aMACL
_cMACL
041 _aHindi
082 _a020/RUP
100 _aरूपेन्‍द्र प्रो
_936956
245 _aसी. लिब. गाइड सैद्धान्तिक पेपर्स
260 _bयूनिवर्सिटी पब्लिकेशन्‍स
_aजयपुर
650 _aLibrary & Inf Science
_936940
942 _cHIN
_k020
_2ddc
999 _c28865
_d28865